Alle 130 Städte Deutschlands mit L - Statistiken

Allgemein
  • Dieses Quiz wurde 49 mal gespielt
  • Das Durchschnittsergebnis liegt bei 37 aus 130
Antwortstatistiken
Landkreis Stadt % Korrekt
Lahn-Dill-Kreis Leun
97%
L**w*g*b**g Ludwigsburg
95%
Pfalz Ludwigshafen
92%
L*n*b**g Lüneburg
92%
Dingolfing-L**d*u Landau a.d. Isar
87%
\ (kreisfrei) Landau i.d. Pfalz
87%
\ (kreisfrei) Leipzig
84%
L**r Leer
82%
Soest Lippstadt
79%
L*r*a*h Lörrach
76%
L**b**g-Weilburg Limburg
74%
L**d*u Lindau
74%
L**w*g*l**t-Parchim Ludwigslust
74%
Gießen Lich
71%
\ (kreisfrei) Lübeck
71%
\ (kreisfrei) Landshut
68%
Offenbach Langen
66%
\ (kreisfrei) Leverkusen
66%
Ortenaukreis Lahr
63%
L*n**b**g am Lech Landsberg am Lech
63%
Emsland Lingen
63%
Saalekreis Landsberg
61%
Unna Lünen
58%
L***t**f**s | Waldeck-Frankenberg Lichtenfels
55%
Märkischer Kreis Lüdenscheid
53%
Gießen Linden
50%
Hannover Langenhagen
45%
Nürnberger Land Lauf
45%
Minden-L**b*c*e Lübbecke
45%
Mettmann Langenfeld
39%
Hannover Lehrte
39%
Rhein-Neckar-Kreis Leimen
39%
Lippe Lemgo
39%
Herford Löhne
39%
Vechta Lohne
39%
L*c**w-Dannenberg Lüchow
39%
Herzogtum L**e*b**g Lauenburg
37%
Heilbronn Lauffen
37%
Teltow-Fläming Ludwigsfelde
37%
Hannover Laatzen
34%
Erzgebirgskreis Lauter-Bernsbach
34%
Bergstraße Lampertheim
32%
Berchtesgadener Land Laufen
32%
Böblingen Leonberg
32%
Hof Lichtenberg
32%
Olpe Lennestadt
29%
Zwickau Limbach
29%
L**d*u Lindenberg
29%
Main-Spessart Lohr
29%
Esslingen Leinfelden-Echterdingen
26%
Bergstraße Lorsch
26%
Rostock Laage
24%
Rhein-Lahn-Kreis Lahnstein
24%
Kaiserslautern Landstuhl
24%
Görlitz Löbau
24%
Teltow-Fläming Luckenwalde
24%
Kronach Ludwigsstadt
24%
Rhein-Neckar-Kreis Ladenburg
21%
Vogelsbergkreis Lauterbach
21%
Zwickau Lichtenstein
21%
Oberspreewald-Lausitz Lauchhammer
18%
Rheinisch-Bergischer Kreis Leichlingen
18%
Eichsfeld Leinefelde-Worbis
18%
Rhein-Sieg-Kreis Lohmar
18%
Gießen Lollar
18%
Saarlouis Lebach
16%
Saalekreis Leuna
16%
Paderborn | Rastatt Lichtenau
16%
Lippe Lage
13%
Goslar Langelsheim
13%
Schwäbisch Hall Langenburg
13%
Fürth Langenzenn
13%
Gießen Laubach
13%
Sonneberg Lauscha
13%
Steinfurt Lengerich
13%
Neuwied Linz
13%
Ostalbkreis | Rheingau-Taunus-Kreis Lorch
13%
Heilbronn Löwenstein
13%
Dahme-Spreewald Lübben
13%
Altenburger Land Lucka
13%
Burgenlandkreis Laucha
11%
Main-Tauber-Kreis Lauda-Königshofen
11%
Waldshut Laufenburg
11%
Günzburg Leipheim
11%
Mittelsachsen Leisnig
11%
Kassel Liebenau
11%
Bergstraße Lindenfels
11%
Oberspreewald-Lausitz Lübbenau
11%
L**w*g*l**t-Parchim Lübz
11%
Coesfeld Lüdinghausen
11%
Burgenlandkreis Lützen
11%
Alb-Donau-Kreis Laichingen
8%
Alb-Donau-Kreis Langenau
8%
Main-Kinzig-Kreis Langenselbold
8%
Biberach Laupheim
8%
Bautzen Lauta
8%
Vogtlandkreis Lengenfeld
8%
Ansbach Leutershausen
8%
Oberhavel Liebenwalde
8%
Düren Linnich
8%
Erzgebirgskreis Lößnitz
8%
Erzgebirgskreis Lugau
8%
Uckermark Lychen
8%
Bad Dürkheim Lambrecht
5%
Kusel Lauterecken
5%
Prignitz Lenzen
5%
Ravensburg Leutkirch
5%
Dahme-Spreewald Lieberose
5%
Ostprignitz-Ruppin Lindow
5%
Meißen Lommatzsch
5%
Cloppenburg Löningen
5%
L**w*g*l**t-Parchim Lübtheen
5%
Dahme-Spreewald Luckau
5%
Lippe Lügde
5%
Mittelsachsen Lunzenau
5%
Dillingen a.d. Donau Lauingen
3%
Märkisch-Oderland Lebus
3%
Saalfeld-Rudolstadt Leutenberg
3%
Sächs. Schweiz-Osterzgebirge Liebstadt
3%
Breisgau-Hochschwarzwald Löffingen
3%
Vorpommern-Greifswald Lassan
0%
Ostalbkreis Lauchheim
0%
Göppingen Lauterstein
0%
Saalfeld-Rudolstadt Lehesten
0%
Heilbronn Leingarten
0%
Vorpommern-Greifswald Loitz
0%
Plön Lütjenburg
0%
Keine übereinstimmenden Quizze gefunden
Verteilung der Resultate
Anzahl Personen mit jedem Resultat
Perzentil nach korrekt beantworteten Fragen
Ihre Resultats-Entwicklung
Sie haben dieses Quiz noch nicht gespielt